| 000 | 01083nam a2200301 i 4500 | ||
|---|---|---|---|
| 001 | 11434 | ||
| 003 | ES-MaACL | ||
| 005 | 20230906150112.0 | ||
| 007 | t| | ||
| 008 | 921020s1992 sp a |||| | spa | ||
| 020 | _a84-7100-363-5 | ||
| 080 | _a72.025(8=6) | ||
| 080 | _a711.4(8=6) | ||
| 100 | 1 |
_aHardoy, Jorge Enrique. _961821 |
|
| 245 | 1 | 0 |
_aImpacto de la urbanización en los centros históricos de Iberoamérica _b: tendencias y perspectivas / _cJorge Enrique Hardoy, Margarita Gutman ; con la colaboración de Sylvio Mutal. |
| 260 |
_aMadrid : _bMAPFRE, _c[1992] |
||
| 300 |
_a536 p : _bil ; _c23 cm. |
||
| 490 | 1 |
_aCiudades de Iberoamérica ; _v15 |
|
| 504 | _aBibliografía: p. [519]-536. | ||
| 650 | 1 | 4 |
_aCentros históricos- _xPreservación- _zAmérica latina. _9149678 |
| 650 |
_aUrbanismo- _zAmérica Latina. _917694 |
||
| 650 | 4 |
_aUrbanización- _zAmérica Latina. _9167706 |
|
| 700 | 1 |
_aGutman, Margarita. _961243 |
|
| 700 | 1 |
_aMutal, Sylvio. _984722 |
|
| 830 | 1 |
_aCiudades de Iberoamérica ; _v15 _9179073 |
|
| 852 |
_aES-MaACL _jL-18759 |
||
| 999 |
_c11434 _d11434 |
||